KALR's civil practice legislation of Uganda as at 1st November 2010 / (Record no. 730)
[ view plain ]
| 000 -LEADER | |
|---|---|
| fixed length control field | 01451cam a2200313 a 4500 |
| 001 - CONTROL NUMBER | |
| control field | 12754708 |
| 003 - CONTROL NUMBER IDENTIFIER | |
| control field | OSt |
| 005 - DATE AND TIME OF LATEST TRANSACTION | |
| control field | 20140403183147.0 |
| 008 - FIXED-LENGTH DATA ELEMENTS--GENERAL INFORMATION | |
| fixed length control field | 010619s2000 ug l 000 0 eng |
| 010 ## - LIBRARY OF CONGRESS CONTROL NUMBER | |
| LC control number | 2001295508 |
| 035 ## - SYSTEM CONTROL NUMBER | |
| System control number | (DLC) 2001295508 |
| 040 ## - CATALOGING SOURCE | |
| Original cataloging agency | DLC |
| Transcribing agency | DLC |
| Modifying agency | DLC |
| 042 ## - AUTHENTICATION CODE | |
| Authentication code | lcode |
| 043 ## - GEOGRAPHIC AREA CODE | |
| Geographic area code | f-ug--- |
| 050 00 - LIBRARY OF CONGRESS CALL NUMBER | |
| Classification number | KTW353 |
| Item number | .A28 2000 |
| 082 00 - DEWEY DECIMAL CLASSIFICATION NUMBER | |
| Classification number | 347 KAL |
| Edition number | 21 |
| 110 1# - MAIN ENTRY--CORPORATE NAME | |
| Corporate name or jurisdiction name as entry element | Uganda. |
| 9 (RLIN) | 554 |
| 245 10 - TITLE STATEMENT | |
| Title | KALR's civil practice legislation of Uganda as at 1st November 2010 / |
| Statement of responsibility, etc | edited by Ladislaus Kiiza Rwakafuuzi. |
| 246 3# - VARYING FORM OF TITLE | |
| Title proper/short title | Civil practice legislation of Uganda |
| 260 ## - PUBLICATION, DISTRIBUTION, ETC. (IMPRINT) | |
| Place of publication, distribution, etc | Kampala : |
| Name of publisher, distributor, etc | KALR, |
| Date of publication, distribution, etc | 2004 |
| 300 ## - PHYSICAL DESCRIPTION | |
| Extent | 1 v. (various pagings) ; |
| Dimensions | 24 cm. |
| 505 0# - FORMATTED CONTENTS NOTE | |
| Formatted contents note | Civil Procedure Act -- Civil Procedure Rules -- Civil Procedure & Limitation (Misc. Prov.) Act -- Law Reform (Misc. Prov.) Act -- Government Proceeding Act -- Limitation Act -- Civil Procedure (Govt Proc.) Rules -- Law Reform (Misc. Prov. (Rules of Court) Rules -- Oaths Act -- Fundamental Rights & Freedoms (Enforcement Procedure) Rules -- Advocate (Remuneration & Taxations of Costs) Rules -- Supreme Court Rules Directions -- Judicature Statute -- Court of Appeal Rules. |
| 650 #0 - SUBJECT ADDED ENTRY--TOPICAL TERM | |
| Topical term or geographic name as entry element | Civil procedure |
| Geographic subdivision | Uganda. |
| 9 (RLIN) | 2000 |
| 700 1# - ADDED ENTRY--PERSONAL NAME | |
| Personal name | Rwakafuuzi, Ladislaus Kiiza. |
| 9 (RLIN) | 1996 |
| 710 2# - ADDED ENTRY--CORPORATE NAME | |
| Corporate name or jurisdiction name as entry element | Kampala Law Reports (Firm) |
| 9 (RLIN) | 1997 |
| 906 ## - LOCAL DATA ELEMENT F, LDF (RLIN) | |
| a | 7 |
| b | cbc |
| c | origode |
| d | 2 |
| e | ncip |
| f | 20 |
| g | y-gencatlg |
| 942 ## - ADDED ENTRY ELEMENTS (KOHA) | |
| Source of classification or shelving scheme | Dewey Decimal Classification |
| Item type | Books |
| Withdrawn status | Lost status | Source of classification or shelving scheme | Damaged status | Not for loan | Home library | Current library | Shelving location | Date acquired | Total Checkouts | Full call number | Barcode | Date last seen | Price effective from | Koha item type | Public note | Copy number |
|---|---|---|---|---|---|---|---|---|---|---|---|---|---|---|---|---|
| Dewey Decimal Classification | Law Development Centre Main Library | Law Development Centre Main Library | Text Books and Laws | 04/27/2011 | 347 KAL | 16602 | 04/27/2011 | 04/27/2011 | Books | |||||||
| Dewey Decimal Classification | Law Development Centre Main Library | Law Development Centre Main Library | Text Books and Laws | 04/27/2011 | 347 KAL | 16603 | 04/27/2011 | 04/27/2011 | Books | |||||||
| Law Development Centre Main Library | Law Development Centre Main Library | Text Books and Laws | 11/02/2013 | 347 KAL | 8098/2013 | 11/02/2013 | 11/02/2013 | Books | reserve | |||||||
| Law Development Centre Main Library | Law Development Centre Main Library | Text Books and Laws | 11/02/2013 | 347 KAL | 8099/2013 | 11/02/2013 | 11/02/2013 | Books | reserve | |||||||
| Dewey Decimal Classification | Law Development Centre Main Library | Law Development Centre Main Library | Text Books and Laws | 04/03/2014 | 347 KAL | 6678/2013 | 04/03/2014 | 04/03/2014 | Books | reserve | 1c | |||||
| Dewey Decimal Classification | Law Development Centre Main Library | Law Development Centre Main Library | Text Books and Laws | 04/03/2014 | 347 KAL | 6699/2013 | 04/03/2014 | 04/03/2014 | Books | reserve | 1 | |||||
| Dewey Decimal Classification | Law Development Centre Main Library | Law Development Centre Main Library | Text Books and Laws | 04/03/2014 | 347 KAL | 6700/2013 | 04/03/2014 | 04/03/2014 | Books | reserve | 2 | |||||
| Dewey Decimal Classification | Law Development Centre Main Library | Law Development Centre Main Library | Text Books and Laws | 04/03/2014 | 347 KAL | 6701/2013 | 04/03/2014 | 04/03/2014 | Books | reserve | 3 | |||||
| Dewey Decimal Classification | Law Development Centre Main Library | Law Development Centre Main Library | Text Books and Laws | 04/03/2014 | 347 KAL | 6702/2013 | 04/03/2014 | 04/03/2014 | Books | reserve | 4 | |||||
| Dewey Decimal Classification | Law Development Centre Main Library | Law Development Centre Main Library | Text Books and Laws | 04/03/2014 | 347 KAL | 6703/2013 | 04/03/2014 | 04/03/2014 | Books | reserve | 5 | |||||
| Dewey Decimal Classification | Law Development Centre Main Library | Law Development Centre Main Library | Text Books and Laws | 04/03/2014 | 347 KAL | 6704/2013 | 04/03/2014 | 04/03/2014 | Books | reserve | 6 |
